Deutsche Bundesländer nach Einwohnerzahl - Statistiken

Allgemein
  • Dieses Quiz wurde 170 mal gespielt
  • Das Durchschnittsergebnis liegt bei 11 aus 16
Antwortstatistiken
Einwohnerzahl Bundesland % Korrekt
18.190.000 Nordrhein-Westfalen
100%
13.435.000 Bayern
99%
11.339.000 Baden-Württemberg
96%
8.162.000 Niedersachsen
91%
6.421.000 Hessen
82%
3.782.000 Berlin
81%
4.089.000 Sachsen
72%
692.000 Bremen
70%
4.174.000 Rheinland-Pfalz
68%
994.000 Saarland
64%
1.910.000 Hamburg
59%
2.966.000 Schleswig-Holstein
55%
1.629.000 Mecklenburg-Vorpommern
50%
2.582.000 Brandenburg
48%
2.180.000 Sachsen-Anhalt
45%
2.122.000 Thüringen
42%
Keine übereinstimmenden Quizze gefunden
Verteilung der Resultate
Anzahl Personen mit jedem Resultat
Perzentil nach korrekt beantworteten Fragen
Ihre Resultats-Entwicklung
Sie haben dieses Quiz noch nicht gespielt